|
|
|
|
| LEADER |
00807nam a22002532a 4500 |
| 001 |
000905206 |
| 003 |
CZ BrMZK |
| 005 |
20080715221639.0 |
| 007 |
ta |
| 008 |
080715s1979 xr af er|||||||||||ita d |
| 015 |
|
|
|a cnb000392489
|
| 035 |
|
|
|a (OCoLC)85272582
|
| 040 |
|
|
|a ABA001
|b cze
|c ABA001
|d BOA001
|
| 041 |
1 |
|
|a ita
|h cze
|
| 080 |
9 |
|
|a 342.7(73) (041)=50
|
| 100 |
1 |
|
|a Horák, Jan
|7 jx20040720182
|4 aut
|
| 245 |
1 |
4 |
|a Gli Stati Uniti e i diritti umani /
|c [Jan Horák] ; traduzione di Jelka Šetlíková
|
| 260 |
|
|
|a Praga :
|b Orbis,
|c 1979
|f ([ST])
|
| 300 |
|
|
|a 119, [2] s. [16] s. obr. příl. ;
|c 8°
|
| 500 |
|
|
|a Přeloženo z češtiny
|
| 910 |
|
|
|a BOA001
|b 1-0813.331
|
| 990 |
|
|
|a BK
|
| 991 |
|
|
|b 200807
|
| 996 |
6 |
|
|b 2619559837
|c 1-0813.331
|l MZK
|r Sklad / do 1 hodiny
|n 0
|w 001069313
|u 000010
|a 1
|e BOA001
|j MZK50
|s P
|